[Event "AUTO-ADV-1562"]
[Site "http://www.queenalice.com/game.php?id=693096"]
[Date "2009.12.4"]
[Round "1"]
[White "Matuto_do_Vale"]
[Black "stoyan1"]
[Result "1-0"]
[WhiteElo "1731"]
[BlackElo "1832"]

1. b3 e5 2. Bb2 Nc6 3. e3 d5 4. Bb5 Bd6 5. Bxc6+ bxc6 6. f4 Qe7 7. Nf3 Bg4 8. h3
Bd7 9. fxe5 Bc5 10. d4 Bb6 11. Ba3 Qe6 12. Nbd2 h6 13. g4 g5 14. Qe2 f6 15.
O-O-O fxe5 16. Nxe5 Nf6 17. Rhf1 Rh7 18. Rf5 Ne4 19. Nxe4 dxe4 20. Rf8# 1-0

[Event "Challenge"]
[Site "http://www.queenalice.com/game.php?id=694030"]
[Date "2009.12.6"]
[Round "-"]
[White "Panzer85"]
[Black "Matuto_do_Vale"]
[Result "1-0"]
[WhiteElo "1580"]
[BlackElo "1668"]

1. e4 c5 2. Nf3 d6 3. Nc3 Nf6 4. d4 Bg4 5. dxc5 Nc6 6. a3 dxc5 7. Bc4 Bxf3 8.
Qxf3 Nd4 9. Qd1 e5 10. O-O Bd6 11. f4 exf4 12. Bxf4 O-O 13. Nd5 Nxd5 14. Bxd5
Qb6 15. Bxd6 Qxd6 16. Bxb7 Rab8 17. c3 Rxb7 18. cxd4 Qxd4+ 19. Qxd4 cxd4 20. b4
h5 21. h4 Re8 22. Rfe1 Rbe7 23. a4 Rxe4 24. Kf1 f5 25. g3 Kf7 26. b5 d3 27. a5
d2 28. Red1 Re2 29. Kg1 Ke6 30. b6 a6 31. Rab1 Kd6 32. b7 Kc7 33. Kf1 Rh2 34.
Kg1 Rhe2 35. Kf1 Kb8 36. Ra1 R8e7 37. Rab1 Rh2 38. Kg1 Rhe2 39. Kf1 R2e5 40.
Rxd2 Rxa5 41. Rd8+ Kc7 42. b8=Q+ Kc6 43. Rc1+ Rc5 44. Rd6# 1-0

[Event "AUTO-OPEN-1799"]
[Site "http://www.queenalice.com/game.php?id=698571"]
[Date "2009.12.15"]
[Round "1"]
[White "Matuto_do_Vale"]
[Black "saiesha"]
[Result "0-1"]
[WhiteElo "1471"]
[BlackElo "1973"]

1. b3 e5 2. Bb2 Nc6 3. e3 d5 4. Bb5 Bd6 5. Nf3 Bg4 6. Bxc6+ bxc6 7. h3 Bxf3 8.
Qxf3 Nf6 9. d3 Qe7 10. O-O O-O 11. Nd2 Rae8 12. e4 Qe6 13. c4 d4 14. a4 a5 15.
g4 Nd7 16. Qg3 f6 17. Ba3 c5 18. f3 Rf7 19. Rf2 Nf8 20. h4 Ng6 21. Raf1 Nf4 22.
Bc1 Nxd3 23. Rg2 Nf4 24. Rgf2 d3 25. Nb1 Ne2+ 26. Rxe2 dxe2 27. Re1 Rd7 28. Rxe2
Red8 29. Nc3 c6 30. Be3 Be7 31. Qe1 Rd3 32. Kf2 Qd7 33. Rb2 Kf7 34. Ne2 Rd1 35.
Qxa5 Qd3 36. Qc3 Rh1 37. Qxd3 Rxd3 0-1

[Event "AUTO-OPEN-1799"]
[Site "http://www.queenalice.com/game.php?id=698572"]
[Date "2009.12.15"]
[Round "1"]
[White "saiesha"]
[Black "Matuto_do_Vale"]
[Result "1-0"]
[WhiteElo "2048"]
[BlackElo "1508"]

1. d4 d5 2. Nc3 e6 3. Bf4 Bd6 4. Qd2 Nc6 5. O-O-O Qf6 6. Bxd6 cxd6 7. Nf3 Nge7
8. e3 O-O 9. Nb5 a6 10. Nxd6 Nf5 11. Nxf5 Qxf5 12. Bd3 Qg4 13. Rdg1 f5 14. h3
Qg6 15. g4 Qf7 16. gxf5 exf5 17. Ng5 Qe7 18. Qe2 b5 19. Qh5 h6 20. Nf3 Ra7 21.
Qxh6 Rf6 22. Qh4 Rh6 23. Qxh6 Nb4 24. Kb1 Nc6 25. Qxc6 Bb7 26. Qg6 Bc8 27. Ne5
1-0

[Event "AUTO-OPEN-1799"]
[Site "http://www.queenalice.com/game.php?id=698573"]
[Date "2009.12.15"]
[Round "1"]
[White "Matuto_do_Vale"]
[Black "peace"]
[Result "0-1"]
[WhiteElo "1590"]
[BlackElo "1715"]

1. b3 e5 2. Bb2 d6 3. e4 Nf6 4. d3 Be7 5. h3 O-O 6. Be2 Nc6 7. Nf3 Bd7 8. O-O a5
9. a4 b6 10. c4 Nb4 11. Ba3 Nc6 12. Nc3 Nd4 13. Nxd4 exd4 14. Nd5 Nxd5 15. cxd5
c5 16. dxc6 Bxc6 17. Bb2 Bf6 18. f4 d5 19. e5 Be7 20. Bxd4 Bb7 21. g4 g6 22. Ra2
Bc5 23. Bxc5 bxc5 24. d4 cxd4 25. Qxd4 Qh4 26. Kh2 Rfd8 27. Rf3 Bc8 28. Bd3 Bxg4
29. Rg3 Be6 30. Rag2 Rab8 31. Be2 Rb4 32. Qe3 Qxf4 33. Qxf4 Rxf4 34. Bg4 Bxg4
35. Rxg4 Rxg4 0-1

[Event "AUTO-OPEN-1799"]
[Site "http://www.queenalice.com/game.php?id=698574"]
[Date "2009.12.15"]
[Round "1"]
[White "peace"]
[Black "Matuto_do_Vale"]
[Result "1-0"]
[WhiteElo "1689"]
[BlackElo "1473"]

1. e4 c5 2. e5 e6 3. c4 Nc6 4. Nf3 f6 5. exf6 Nxf6 6. d3 h6 7. Be2 Be7 8. O-O
O-O 9. Nc3 a6 10. b3 b5 11. Bb2 b4 12. Ne4 Nxe4 13. dxe4 Bb7 14. Bd3 Nd4 15.
Nxd4 cxd4 16. Bxd4 Qc7 17. Qg4 e5 18. Bb2 Rf4 19. Qe2 Bc5 20. g3 Rf6 21. Rac1
Raf8 22. Rc2 d6 23. Qd1 Bc8 24. Kg2 Qd7 25. g4 Rg6 26. h3 Rg5 27. Bc1 Rg6 28.
Rd2 h5 29. f3 a5 30. Bb2 Rff6 31. Rdf2 Qf7 32. Rc2 Bd7 33. Be2 1-0

[Event "AUTO-OPEN-1799"]
[Site "http://www.queenalice.com/game.php?id=698575"]
[Date "2009.12.15"]
[Round "1"]
[White "Matuto_do_Vale"]
[Black "Morysek"]
[Result "0-1"]
[WhiteElo "1594"]
[BlackElo "2174"]

1. b3 d6 2. Bb2 Nd7 3. e3 Ngf6 4. Bb5 c6 5. Bc4 g6 6. Nf3 Bg7 7. O-O O-O 8. h3
Nb6 9. Na3 Nxc4 10. Nxc4 b5 11. Na3 Bb7 12. d3 a5 13. c4 b4 14. Nc2 c5 15. e4 a4
16. bxa4 Rxa4 17. Nh2 Qb6 18. Ne3 Rfa8 19. Qb3 Qa6 0-1

[Event "AUTO-OPEN-1799"]
[Site "http://www.queenalice.com/game.php?id=698576"]
[Date "2009.12.15"]
[Round "1"]
[White "Morysek"]
[Black "Matuto_do_Vale"]
[Result "1-0"]
[WhiteElo "2175"]
[BlackElo "1592"]

1. f4 d5 2. Nf3 Nc6 3. e3 Bg4 4. Bb5 e5 5. fxe5 Ne7 6. O-O a6 7. Bxc6+ Nxc6 8.
d4 Be7 9. Nbd2 O-O 10. Qe1 Nb4 11. Qd1 Bg5 12. Nb3 Bxf3 13. Rxf3 h6 14. a3 Nc6
15. Qe2 b5 16. e4 Bxc1 17. Rxc1 Ne7 18. Rcf1 c6 19. e6 fxe6 20. Rxf8+ Qxf8 21.
Rxf8+ Rxf8 22. exd5 Rf6 23. d6 1-0

[Event "AUTO-ADV-1580"]
[Site "http://www.queenalice.com/game.php?id=700610"]
[Date "2009.12.20"]
[Round "1"]
[White "adilson_camargo"]
[Black "Matuto_do_Vale"]
[Result "1-0"]
[WhiteElo "1896"]
[BlackElo "1533"]

1. d4 d5 2. c4 e6 3. Nc3 Bb4 4. e3 Bxc3+ 5. bxc3 Bd7 6. c5 a6 7. Nf3 b5 8. cxb6
cxb6 9. Ba3 Ne7 10. Bd3 h6 11. c4 b5 12. cxb5 Bxb5 13. Bxb5+ axb5 14. Bb4 Nbc6
15. Bc5 O-O 16. O-O f5 17. a3 g5 18. Qc2 Rf7 19. Rfb1 Ra5 20. Qc3 Nc8 21. Bb4
Nxb4 22. Rxb4 Rc7 23. Qb3 Nb6 24. Rxb5 Rxb5 25. Qxb5 Nc4 26. h3 Qd7 27. Qb4 1-0

[Event "AUTO-ADV-1580"]
[Site "http://www.queenalice.com/game.php?id=700611"]
[Date "2009.12.20"]
[Round "1"]
[White "Matuto_do_Vale"]
[Black "adilson_camargo"]
[Result "0-1"]
[WhiteElo "1535"]
[BlackElo "1894"]

1. b3 e5 2. Bb2 d6 3. e3 Nf6 4. g3 a6 5. Bg2 c6 6. Ne2 Be6 7. d3 Be7 8. h3 h6 9.
O-O O-O 10. Nd2 Qd7 11. c4 Bxh3 12. f4 Bxg2 13. Kxg2 exf4 14. Nxf4 d5 15. Bxf6
Bxf6 16. d4 dxc4 17. bxc4 b5 18. c5 Qe7 19. Qf3 Ra7 20. Ne4 Nd7 21. Nh5 Bg5 22.
Nxg5 hxg5 23. g4 Re8 24. Rae1 Qe4 25. Qxe4 Rxe4 26. Kg3 b4 0-1

[Event "AUTO-ADV-1580"]
[Site "http://www.queenalice.com/game.php?id=700628"]
[Date "2009.12.20"]
[Round "1"]
[White "Matuto_do_Vale"]
[Black "forki"]
[Result "0-1"]
[WhiteElo "1498"]
[BlackElo "1770"]

1. b3 e5 2. Bb2 Nc6 3. e3 d5 4. Bb5 Bd7 5. Bxc6 Bxc6 6. Bxe5 Bd6 7. Bxg7 Qe7 8.
Bxh8 f6 9. Qg4 Nh6 10. Qh5+ Nf7 11. Qxh7 O-O-O 12. Qf5+ Bd7 13. Qxf6 Rxh8 14.
Qxe7 Bxe7 15. Nf3 Bf6 16. d4 Bb5 17. Nbd2 Rg8 18. g3 Bd7 19. O-O-O Bg4 20. h3
Bf5 21. g4 Bh7 22. Ne1 Rg6 23. f4 Be7 24. f5 Ra6 25. a4 c5 26. dxc5 Bxc5 27. Ng2
Nd6 28. Nf3 Ba3+ 29. Kb1 Ne4 30. Ka2 Bc5 0-1

[Event "AUTO-ADV-1580"]
[Site "http://www.queenalice.com/game.php?id=700629"]
[Date "2009.12.20"]
[Round "1"]
[White "forki"]
[Black "Matuto_do_Vale"]
[Result "1-0"]
[WhiteElo "1764"]
[BlackElo "1504"]

1. d4 d5 2. Nc3 e6 3. e4 Bb4 4. Bd2 Nf6 5. e5 Ne4 6. Nxe4 Bxd2+ 7. Qxd2 Nc6 8.
Ng3 a6 9. N1e2 h6 10. Nh5 Qg5 11. Qxg5 hxg5 12. Neg3 Bd7 13. O-O-O O-O-O 14.
Nxg7 Rdg8 15. N3h5 Ne7 16. g4 f5 17. Be2 Be8 18. Nxe6 Bxh5 19. gxh5 g4 20. Nf4
b5 21. Rd3 Kd7 22. Ra3 Ra8 23. h3 gxh3 24. Rhxh3 Nc6 25. e6+ Kd6 26. Rad3 Nb4
27. Rdg3 Nc6 28. c3 1-0

[Event "AUTO-ADV-1580"]
[Site "http://www.queenalice.com/game.php?id=700630"]
[Date "2009.12.20"]
[Round "1"]
[White "Matuto_do_Vale"]
[Black "Lopesq"]
[Result "0-1"]
[WhiteElo "1630"]
[BlackElo "1691"]

1. b3 d5 2. Bb2 e6 3. e4 d4 4. d3 Nc6 5. Ne2 e5 6. f4 Bd6 7. Na3 Bg4 8. h3 Bxe2
9. Bxe2 Nf6 10. Nc4 Bb4+ 11. Nd2 b5 12. a3 Ba5 13. b4 Bb6 14. c4 bxc4 15. Nxc4
O-O 16. b5 Na5 17. a4 Nxc4 18. dxc4 Ba5+ 19. Kf2 Re8 20. Bd3 Rb8 21. f5 c6 22.
bxc6 Qc7 23. Ba3 Qxc6 24. Qf3 Bc3 25. Rab1 Qxa4 26. Rxb8 Rxb8 27. Bd6 Rb2+ 28.
Kg3 Qa5 29. c5 Nd7 30. Rf1 Nf6 31. c6 Ne8 0-1

[Event "AUTO-ADV-1580"]
[Site "http://www.queenalice.com/game.php?id=700631"]
[Date "2009.12.20"]
[Round "1"]
[White "Lopesq"]
[Black "Matuto_do_Vale"]
[Result "1-0"]
[WhiteElo "1746"]
[BlackElo "1579"]

1. d4 d5 2. Nf3 e6 3. c3 Nf6 4. Bf4 Bd6 5. Bxd6 Qxd6 6. e3 Bd7 7. Nbd2 Nc6 8.
Be2 a6 9. O-O O-O 10. Nb3 b6 11. Qc2 Ne4 12. Bd3 f5 13. Nbd2 b5 14. a3 Na7 15.
Ne5 Nc6 16. Nxd7 Qxd7 17. Nf3 h6 18. Nh4 g5 19. Nf3 g4 20. Ne1 Rf7 21. f3 gxf3
22. Nxf3 Rg7 23. Bxe4 dxe4 24. Nh4 Qe8 25. Qb3 Qe7 26. Nxf5 Qg5 27. Nxg7 Qxg7
28. Qxe6+ Kh8 29. Qxc6 Ra7 30. Qe8+ 1-0

[Event "AUTO-OPEN-1805"]
[Site "http://www.queenalice.com/game.php?id=700693"]
[Date "2009.12.20"]
[Round "1"]
[White "miltonloviski"]
[Black "Matuto_do_Vale"]
[Result "1-0"]
[WhiteElo "1515"]
[BlackElo "1570"]

1. e4 c5 2. Qf3 d6 3. Bc4 Nf6 4. h3 Nc6 5. c3 Ne5 6. Qe2 Nxc4 7. Qxc4 Be6 8.
Qb5+ Qd7 9. Qxd7+ Nxd7 10. Nf3 g6 11. d4 Bg7 12. d5 Bxd5 13. exd5 Ne5 14. Nxe5
Bxe5 15. O-O O-O 16. f4 Bg7 17. f5 1-0

[Event "AUTO-OPEN-1805"]
[Site "http://www.queenalice.com/game.php?id=700694"]
[Date "2009.12.20"]
[Round "1"]
[White "Matuto_do_Vale"]
[Black "miltonloviski"]
[Result "0-1"]
[WhiteElo "1552"]
[BlackElo "1533"]

1. b3 e5 2. Bb2 Qf6 3. Nf3 Nc6 4. e4 Bc5 5. Be2 d6 6. Bb5 Bd7 7. O-O a6 8. Bxc6
Bxc6 9. d3 Nh6 10. Nbd2 g5 11. a3 Rg8 12. b4 Ba7 13. c4 Ng4 14. h3 Nh6 15. g4
Bd7 16. Nb3 Nxg4 17. hxg4 Bxg4 18. Nbd2 h5 19. Kh1 Bh3 20. Re1 Bxf2 0-1

[Event "AUTO-OPEN-1805"]
[Site "http://www.queenalice.com/game.php?id=700717"]
[Date "2009.12.20"]
[Round "1"]
[White "yclaudiu35"]
[Black "Matuto_do_Vale"]
[Result "1-0"]
[WhiteElo "1722"]
[BlackElo "1516"]

1. e4 c5 2. d4 cxd4 3. Qxd4 Nc6 4. Qc3 e5 5. a3 Nf6 6. f3 a6 7. Bg5 Be7 8. Bxf6
Bxf6 9. Nd2 Nd4 10. Ne2 O-O 11. Nxd4 exd4 12. Qd3 b5 13. Nb3 d6 14. Nxd4 Bxd4
15. Qxd4 Qc7 16. c3 1-0

[Event "AUTO-OPEN-1805"]
[Site "http://www.queenalice.com/game.php?id=700718"]
[Date "2009.12.20"]
[Round "1"]
[White "Matuto_do_Vale"]
[Black "yclaudiu35"]
[Result "0-1"]
[WhiteElo "1476"]
[BlackElo "1807"]

1. b3 e5 2. Bb2 Nc6 3. e3 Qg5 4. Nf3 Qf6 5. Bb5 Bd6 6. Bxc6 dxc6 7. e4 Bg4 8. h3
Bxf3 9. Qxf3 g5 10. Qxf6 Nxf6 11. d3 O-O 12. O-O h5 13. c4 Kh7 14. Nd2 g4 15. h4
Nd7 16. g3 Nc5 17. d4 Nd3 18. dxe5 Nxb2 0-1

[Event "AUTO-OPEN-1805"]
[Site "http://www.queenalice.com/game.php?id=700733"]
[Date "2009.12.20"]
[Round "1"]
[White "Matuto_do_Vale"]
[Black "HILITO"]
[Result "0-1"]
[WhiteElo "1636"]
[BlackElo "2103"]

1. b3 c6 2. Bb2 d5 3. e3 Nd7 4. f4 Ngf6 5. Nf3 e6 6. d3 Be7 7. Nbd2 O-O 8. Be2
Ng4 9. Nf1 f5 10. h3 Ngf6 11. Ng3 c5 12. O-O a6 13. Ng5 Nb6 14. c4 h6 15. Nf3
Nbd7 16. Ne5 Qc7 17. Ng6 Rf7 18. Nh5 Kh7 19. Nxe7 Rxe7 20. Nxf6+ Nxf6 21. Bxf6
gxf6 22. Rf3 Bd7 23. Rg3 Rg8 24. Rxg8 Kxg8 25. Bh5 Rg7 26. a4 e5 27. cxd5 exf4
28. exf4 Qxf4 29. Qf3 Qd4+ 30. Qf2 Qxa1+ 31. Kh2 Qe5+ 32. g3 Qxd5 33. Bd1 Bc6
34. Bf3 Qxf3 35. Qxf3 Bxf3 36. Kg1 Rxg3+ 37. Kf2 Rxh3 38. a5 Bd5 39. Ke2 Bxb3
40. Kd2 c4 0-1

[Event "AUTO-OPEN-1805"]
[Site "http://www.queenalice.com/game.php?id=700734"]
[Date "2009.12.20"]
[Round "1"]
[White "HILITO"]
[Black "Matuto_do_Vale"]
[Result "1-0"]
[WhiteElo "2134"]
[BlackElo "1671"]

1. e4 c5 2. Nf3 d6 3. d3 Bg4 4. Be2 e5 5. Nc3 Nf6 6. Bg5 Be7 7. h3 Bh5 8. g4 Bg6
9. Qd2 h6 10. Bh4 O-O 11. Bxf6 Bxf6 12. h4 Be7 13. g5 h5 14. Nh2 f5 15. exf5
Bxf5 16. Bxh5 g6 17. Bg4 a6 18. Nd5 b5 19. O-O-O Bxg4 20. Nxg4 Nd7 21. Rdf1 Nb6
22. Ndf6+ Bxf6 23. Nxf6+ Kg7 24. f4 Nd7 25. fxe5 Nxe5 26. h5 Rh8 27. h6+ Kf7 28.
Qe3 Ra7 29. Nd7+ Ke7 30. Nxe5 dxe5 31. Qxe5+ Kd7 32. Rf7+ Kc8 33. Rxa7 Re8 34.
Ra8+ 1-0

[Event "AUTO-OPEN-1497"]
[Site "http://www.queenalice.com/game.php?id=711806"]
[Date "2010.1.11"]
[Round "3"]
[White "Ahlkhanvio"]
[Black "Matuto_do_Vale"]
[Result "1-0"]
[WhiteElo "2283"]
[BlackElo "1461"]

1. e4 c5 2. c3 a6 3. Nf3 d6 4. d4 cxd4 5. cxd4 Bg4 6. Bc4 Nf6 7. Nc3 b5 8. Be2
h6 9. O-O e6 10. h3 Bxf3 11. Bxf3 Be7 12. e5 dxe5 13. Bxa8 Nbd7 14. dxe5 Qxa8
15. exf6 Nxf6 16. Be3 Ne4 17. Nxe4 Qxe4 18. Re1 Qb7 19. Rc1 O-O 20. Qg4 f5 21.
Qg3 Bf6 22. Rc7 Qe4 23. Bd2 1-0

[Event "AUTO-OPEN-1497"]
[Site "http://www.queenalice.com/game.php?id=711807"]
[Date "2010.1.11"]
[Round "3"]
[White "Matuto_do_Vale"]
[Black "Ahlkhanvio"]
[Result "0-1"]
[WhiteElo "1459"]
[BlackElo "2284"]

1. b3 Nf6 2. Bb2 g6 3. e4 Bg7 4. f4 O-O 5. e5 Nd5 6. Ne2 d6 7. d4 dxe5 8. dxe5
Nc6 9. a3 Bf5 10. Ng3 Ne3 11. Qxd8 Rfxd8 12. Ra2 Bxc2 13. Nd2 Bd3 14. Bxd3 Rxd3
15. Ke2 Rad8 16. Nge4 Nxg2 17. Bc3 Nxf4+ 18. Kd1 Bxe5 19. b4 Bxc3 20. Nxc3 Rxc3
0-1

[Event "AUTO-OPEN-1497"]
[Site "http://www.queenalice.com/game.php?id=711810"]
[Date "2010.1.11"]
[Round "3"]
[White "Matuto_do_Vale"]
[Black "attachui"]
[Result "0-1"]
[WhiteElo "1467"]
[BlackElo "1982"]

1. b3 d5 2. Bb2 Nf6 3. e3 c5 4. Bb5+ Nbd7 5. Nf3 a6 6. Bxd7+ Bxd7 7. h3 e6 8. d3
c4 9. dxc4 dxc4 10. bxc4 Bb4+ 11. Nbd2 O-O 12. O-O Rc8 13. c3 Ba5 14. Ne5 Qc7
15. Nxd7 Nxd7 16. f4 Nc5 17. Ba3 Rfd8 18. Qc2 Rd3 19. Bxc5 Rxc3 20. Qb2 Qxc5 21.
Kf2 Qxe3# 0-1

[Event "AUTO-OPEN-1497"]
[Site "http://www.queenalice.com/game.php?id=711811"]
[Date "2010.1.11"]
[Round "3"]
[White "attachui"]
[Black "Matuto_do_Vale"]
[Result "1-0"]
[WhiteElo "2013"]
[BlackElo "1465"]

1. d4 d5 2. c4 e6 3. Nc3 Bb4 4. Nf3 Bxc3+ 5. bxc3 h6 6. Ba3 Ne7 7. g4 dxc4 8. e4
b5 9. Bg2 Nbc6 10. Rb1 a6 11. O-O O-O 12. d5 exd5 13. exd5 Ne5 14. Nxe5 Bb7 15.
d6 Bxg2 16. dxe7 Qxd1 17. exf8=Q+ Rxf8 18. Rfxd1 Bb7 19. Bxf8 Kxf8 20. Re1 f6
21. Nd7+ Kf7 22. a4 1-0

[Event "QA-ANNIV-05"]
[Site "http://www.queenalice.com/game.php?id=723871"]
[Date "2010.2.1"]
[Round "3"]
[White "Matuto_do_Vale"]
[Black "pumamercedino"]
[Result "0-1"]
[WhiteElo "1473"]
[BlackElo "2499"]

1. b3 e5 2. Bb2 Nc6 3. e3 Nf6 4. Bb5 d6 5. Bxc6+ bxc6 6. h3 g6 7. Nf3 Bg7 8. d3
O-O 9. O-O Re8 10. e4 Nh5 11. g4 Nf4 12. Kh2 f5 13. Bc1 fxg4 0-1